La educación superior privada en Chile: antecedentes y perspectivas
Saved in:
| Hovedforfatter: | |
|---|---|
| Format: | Bog |
| Sprog: | spansk |
| Udgivet: |
Santiago
CPU
1988
|
| Fag: | |
| Tags: |
Tilføj Tag
Ingen Tags, Vær først til at tagge denne postø!
|
MARC
| LEADER | 00000nam a2200000 a 4500 | ||
|---|---|---|---|
| 001 | UCW6290 | ||
| 003 | CL-VaPUC | ||
| 008 | 911119e19880000CL |||||||||||||||||spa|d | ||
| 082 | 0 | 4 | |a 378.983 |b CAC |2 21 |
| 100 | 0 | |a Cáceres C., Eugenio |e author |9 311332 | |
| 245 | 1 | 3 | |a La educación superior privada en Chile: antecedentes y perspectivas |
| 300 | |a 235 p | ||
| 942 | |c BK | ||
| 945 | |d 19911119 00:00:00 | ||
| 260 | |a Santiago |b CPU |c 1988 | ||
| 650 | 0 | |a Educación superior |9 223851 | |
| 651 | 7 | |a CHILE |2 CL-VaPUC |9 311333 | |
| 583 | |a last modification |c 19911119 00:00:00 |k Rodrigo Vera | ||
| 999 | |c 219408 |d 219406 | ||
| 952 | |0 0 |1 0 |4 0 |6 378_983000000000000_CAC_1988 |7 0 |8 P |9 210316 |a BIBEDU |b BIBEDU |c BIBEDU_PB |d 2019-11-15 |i 2783932 |o 378.983 CAC 1988 |p 2783932 |r 2019-11-15 |w 2019-11-15 |y BK |k EDU | ||
| 952 | |0 0 |1 0 |4 0 |6 378_983000000000000_CAC_1988 |7 0 |8 P |9 210317 |a BIBEDU |b BIBEDU |c BIBEDU_PB |d 2019-11-15 |i 2783940 |o 378.983 CAC 1988 |p 2783940 |r 2019-11-15 |w 2019-11-15 |y BK |k EDU | ||